| 000 | 00521nam a2200181Ia 4500 | ||
|---|---|---|---|
| 003 | OSt | ||
| 005 | 20200729144934.0 | ||
| 008 | 190216s9999||||xx |||||||||||||| ||und|| | ||
| 020 | _a9780521423533 | ||
| 040 | _coclc | ||
| 082 |
_a516.352 _bKIR/C |
||
| 100 |
_aKirwan, Frances _93851 |
||
| 245 | 0 |
_aComplex Algebraic Curves / _cFrances Kirwan |
|
| 260 |
_bCambridge Uty Press, _c1995. _aNew York: |
||
| 300 | _a264p | ||
| 650 | _aMathematics | ||
| 942 |
_cBK _2ddc _h516.352 _iKIR/C _k516.352 _mKIR/C |
||
| 999 |
_c31401 _d31401 |
||